00512nam a2200181Ia 4500999001700000003000400017005001700021008004100038020001500079040001800094082001800112100002600130245007500156260003800231300000900269650001000278942004200288 c16021d16021OSt20200606115845.0190216s9999||||xx |||||||||||||| ||und|| a8173231010 cMESKC library a891.43bMIS/A aMishra, Satyadev9387 0aAnuvad: Samasyayen Aur Samadhan /cSatyadev Mishra ; Ramashraya Savita bSulab Prakashan,aLucknow:c1999. a123p aHindi cBK2ddch891.43iMIS/Ak891.43mMIS/A